[Event "HUN-chT2 Breyer 0607"]
[Site "Hungary"]
[Date "2007.04.15"]
[Round "8"]
[White "Laszlo, Imre"]
[Black "Lajos, Janos"]
[Result "1-0"]
[WhiteElo "2229"]
[BlackElo "2330"]
[PlyCount "45"]
[EventDate "2006.11.12"]
[EventType "team-tourn"]
[EventRounds "11"]
[EventCountry "HUN"]
[SourceTitle "EXT 2008"]
[Source "ChessBase"]
[SourceDate "2007.11.25"]
[SourceVersion "1"]
[SourceVersionDate "2007.11.25"]
[SourceQuality "1"]
[WhiteTeam "Geniusz Tata"]
[BlackTeam "Szentendre"]
[WhiteTeamCountry "HUN"]
[BlackTeamCountry "HUN"]

1. e4 d5 2. exd5 Qxd5 3. Nc3 Qa5 4. d4 c6 5. Nf3 Bf5 6. Bd2 Qc7 7. Ne5 Nf6 8. g4 Bg6 9. h4 h5 10. Nxg6 fxg6 11. g5 Nd5 12. Bd3 Qd6 13. Ne4 Qe6 14. Qe2 Kd8 15. c4 Nb6 16. 0-0-0 N8d7 17. f3 Qf7 18. Ba5 Qe8 19. Nd2 e6 20. Rhe1 e5 21. dxe5 Nc5 22. e6 Qe7 23. Bc2 1-0

[Event "HUN-chT2 Erkel 0607"]
[Site "Hungary"]
[Date "2006.12.17"]
[Round "4"]
[White "Lajos, Janos"]
[Black "Muhari, Istvan"]
[Result "1/2-1/2"]
[WhiteElo "2330"]
[BlackElo "2170"]
[PlyCount "59"]
[EventDate "2006.11.12"]
[EventType "team-tourn"]
[EventRounds "11"]
[EventCountry "HUN"]
[SourceTitle "EXT 2008"]
[Source "ChessBase"]
[SourceDate "2007.11.25"]
[SourceVersion "1"]
[SourceVersionDate "2007.11.25"]
[SourceQuality "1"]
[WhiteTeam "Paszto"]
[BlackTeam "Szekuritas"]
[WhiteTeamCountry "HUN"]
[BlackTeamCountry "HUN"]

1. d4 d5 2. Bf4 Bf5 3. e3 e6 4. Bd3 Bxd3 5. Qxd3 Nd7 6. Nf3 Ngf6 7. Nbd2 c5 8. 0-0 Be7 9. Qb5 Qb6 10. a4 0-0 11. Ne5 Nxe5 12. Bxe5 Rac8 13. Rfc1 Rfd8 14. Qxb6 axb6 15. a5 bxa5 16. dxc5 Bxc5 17. c3 Nd7 18. Bg3 b6 19. Kf1 Be7 20. Ke2 Bf6 21. f3 e5 22. b4 e4 23. bxa5 Bxc3 24. a6 Bxa1 25. Rxa1 Nc5 26. a7 f5 27. Rb1 Ra8 28. Bc7 Rdc8 29. Bxb6 Na4 30. Bd4 1/2-1/2

[Event "HUN-chT2 Breyer 0607"]
[Site "Hungary"]
[Date "2006.12.03"]
[Round "3"]
[White "Molnar, Jozsef"]
[Black "Lajos, Janos"]
[Result "1-0"]
[WhiteElo "2162"]
[BlackElo "2330"]
[PlyCount "53"]
[EventDate "2006.11.12"]
[EventType "team-tourn"]
[EventRounds "11"]
[EventCountry "HUN"]
[SourceTitle "EXT 2008"]
[Source "ChessBase"]
[SourceDate "2007.11.25"]
[SourceVersion "1"]
[SourceVersionDate "2007.11.25"]
[SourceQuality "1"]
[WhiteTeam "BEAC Rufusz II"]
[BlackTeam "Szentendre"]
[WhiteTeamCountry "HUN"]
[BlackTeamCountry "HUN"]

1. e4 d5 2. exd5 Qxd5 3. Nc3 Qa5 4. d4 c6 5. Nf3 Bg4 6. Bc4 e6 7. 0-0 Nf6 8. h3 Bxf3 9. Qxf3 Bd6 10. Ne4 Nxe4 11. Qxe4 Nd7 12. c3 Nf6 13. Qe2 0-0 14. Bd3 e5 15. Bg5 Ne8 16. dxe5 f6 17. Qe4 g6 18. Bh6 Qxe5 19. Qxe5 Bxe5 20. Bxf8 Kxf8 21. Rad1 f5 22. Rfe1 Bd6 23. Bc4 b5 24. Bb3 Rd8 25. Re6 c5 26. c4 bxc4 27. Ba4 1-0

[Event "HUN-chT2 Charousek 0506"]
[Site "Hungary"]
[Date "2006.04.23"]
[Round "11"]
[White "Biro, David"]
[Black "Lajos, Janos"]
[Result "1-0"]
[WhiteElo "2172"]
[BlackElo "2078"]
[PlyCount "69"]
[EventDate "2005.10.16"]
[EventType "team"]
[EventRounds "11"]
[EventCountry "HUN"]
[SourceTitle "EXT 2009"]
[Source "ChessBase"]
[SourceDate "2008.11.26"]
[SourceVersion "1"]
[SourceVersionDate "2008.11.26"]
[SourceQuality "1"]
[WhiteTeam "Husi"]
[BlackTeam "Szentendre"]
[WhiteTeamCountry "HUN"]
[BlackTeamCountry "HUN"]

1. d4 d5 2. c4 e6 3. Nc3 Nf6 4. Bg5 Be7 5. e3 c6 6. Nf3 h6 7. Bh4 Ne4 8. Bxe7 Nxc3 9. bxc3 Qxe7 10. Bd3 0-0 11. 0-0 Nd7 12. cxd5 cxd5 13. c4 dxc4 14. Bxc4 b6 15. d5 exd5 16. Bxd5 Rb8 17. Nd4 Bb7 18. Nf5 Qg5 19. Bxb7 Rxb7 20. e4 Nc5 21. f4 Qf6 22. Nd6 Rd7 23. e5 Qe6 24. Re1 Nb7 25. f5 Qe7 26. f6 Qe6 27. fxg7 Kxg7 28. Qd4 Rfd8 29. Re3 Kf8 30. Rf1 Nxd6 31. exd6 Qg6 32. Qh8+ Qg8 33. Qxh6+ Qg7 34. Qh4 Rxd6 35. Qe7+ 1-0

[Event "HUN-chT2 Charousek 0506"]
[Site "Hungary"]
[Date "2005.10.30"]
[Round "2"]
[White "Papp, Tamas"]
[Black "Lajos, Janos"]
[Result "1-0"]
[WhiteElo "2246"]
[BlackElo "2078"]
[PlyCount "71"]
[EventDate "2005.10.16"]
[EventType "team"]
[EventRounds "11"]
[EventCountry "HUN"]
[SourceTitle "EXT 2009"]
[Source "ChessBase"]
[SourceDate "2008.11.26"]
[SourceVersion "1"]
[SourceVersionDate "2008.11.26"]
[SourceQuality "1"]
[WhiteTeam "Decs"]
[BlackTeam "Szentendre"]
[WhiteTeamCountry "HUN"]
[BlackTeamCountry "HUN"]

1. e4 e6 2. d4 d5 3. Nc3 dxe4 4. Nxe4 Be7 5. Nf3 Nf6 6. Bd3 Nbd7 7. Qe2 0-0 8. Bg5 b6 9. Nxf6+ gxf6 10. Qe4 f5 11. Qxa8 Bxg5 12. Nxg5 Qxg5 13. Qf3 Kh8 14. Qg3 Qf6 15. 0-0-0 c5 16. Bb5 cxd4 17. Bxd7 Bxd7 18. Qd6 Qh6+ 19. Kb1 Bc8 20. Rxd4 Bb7 21. Qe5+ Qg7 22. Qxg7+ Kxg7 23. Rd7 Rb8 24. Rhd1 a5 25. Rd8 Rxd8 26. Rxd8 Bxg2 27. Rb8 h5 28. Kc1 Kf6 29. Kd2 Ke5 30. Rh8 Bf3 31. Ke3 Bd1 32. f4+ Kf6 33. c3 Ke7 34. Rb8 f6 35. Rxb6 e5 36. Rb5 1-0

[Event "HUN-chT2 Charousek 0405"]
[Site "Hungary"]
[Date "2005.03.06"]
[Round "9"]
[White "Lajos, Janos"]
[Black "Szuliman, Gyula"]
[Result "0-1"]
[WhiteElo "2330"]
[BlackElo "2122"]
[PlyCount "100"]
[EventDate "2004.09.26"]
[EventType "team-tourn"]
[EventRounds "11"]
[EventCountry "HUN"]
[SourceTitle "EXT 2008"]
[Source "ChessBase"]
[SourceDate "2007.11.25"]
[SourceVersion "1"]
[SourceVersionDate "2007.11.25"]
[SourceQuality "1"]
[WhiteTeam "Szentendre"]
[BlackTeam "Szenna Pack"]
[WhiteTeamCountry "HUN"]
[BlackTeamCountry "HUN"]

1. e4 e5 2. Nf3 Nf6 3. Nc3 Bb4 4. Bc4 0-0 5. d3 d6 6. 0-0 h6 7. h3 c6 8. a3 Ba5 9. b4 Bc7 10. d4 Nbd7 11. dxe5 dxe5 12. Bb2 b5 13. Bd3 a5 14. Ne2 axb4 15. axb4 Bb7 16. Rxa8 Bxa8 17. Ng3 Qe7 18. Qd2 Nb6 19. Qc3 Na4 20. Qb3 Nxb2 21. Qxb2 g6 22. Ra1 Bd6 23. Ra6 Bb7 24. Ra7 Ra8 25. Rxa8+ Bxa8 26. Qa2 Bb7 27. c3 Bc8 28. Nd2 Kg7 29. Qa8 Qd7 30. Nf3 Qc7 31. Qa3 Be6 32. Nd2 Qe7 33. Nb3 Nd7 34. Na5 Nb8 35. Qb2 Qd7 36. Be2 Qc7 37. c4 c5 38. bxc5 Bxc5 39. Qxb5 Bd7 40. Nc6 Bxf2+ 41. Kxf2 Nxc6 42. Qc5 Qb8 43. Qd5 Qc7 44. Nf1 Nd4 45. Ne3 Be6 46. Qa8 Nxe2 47. Kxe2 Bxc4+ 48. Kf3 Be6 49. Nd5 Qc4 50. Qb7 Qf1+ 0-1

[Event "HUN-chT2 Breyer 0304"]
[Site "Hungary"]
[Date "2004.03.21"]
[Round "9"]
[White "Nagy, Bela"]
[Black "Lajos, Janos"]
[Result "0-1"]
[WhiteElo "2041"]
[BlackElo "2330"]
[PlyCount "46"]
[EventDate "2003.09.28"]
[EventType "team-tourn"]
[EventRounds "11"]
[EventCountry "HUN"]
[SourceTitle "EXT 2009"]
[Source "ChessBase"]
[SourceDate "2008.11.26"]
[SourceVersion "1"]
[SourceVersionDate "2008.11.26"]
[SourceQuality "1"]
[WhiteTeam "MAFC"]
[BlackTeam "Szentendre"]
[WhiteTeamCountry "HUN"]
[BlackTeamCountry "HUN"]

1. e4 e6 2. Be2 d5 3. e5 c5 4. f4 Nc6 5. Nf3 Nge7 6. 0-0 d4 7. d3 b6 8. Nbd2 Nd5 9. Ne4 Be7 10. a3 f5 11. Neg5 h6 12. Nh3 Bb7 13. Ne1 g6 14. Nf2 Qd7 15. Bd2 0-0-0 16. Qc1 Rdg8 17. c4 dxc3 18. bxc3 Kb8 19. c4 Nc7 20. Nc2 g5 21. g3 Na5 22. Bxa5 Qc6 23. Ne4 g4 0-1

[Event "HUN-chT2 Breyer 0304"]
[Site "Hungary"]
[Date "2004.02.22"]
[Round "8"]
[White "Kovacs, Imre"]
[Black "Lajos, Janos"]
[Result "1/2-1/2"]
[WhiteElo "1987"]
[BlackElo "2330"]
[PlyCount "87"]
[EventDate "2003.09.28"]
[EventType "team-tourn"]
[EventRounds "11"]
[EventCountry "HUN"]
[SourceTitle "EXT 2009"]
[Source "ChessBase"]
[SourceDate "2008.11.26"]
[SourceVersion "1"]
[SourceVersionDate "2008.11.26"]
[SourceQuality "1"]
[WhiteTeam "MAV Elore"]
[BlackTeam "Szentendre"]
[WhiteTeamCountry "HUN"]
[BlackTeamCountry "HUN"]

1. d4 e6 2. c4 d5 3. Nc3 Nf6 4. Nf3 Nbd7 5. e3 c6 6. Bd3 dxc4 7. Bxc4 Bd6 8. 0-0 0-0 9. Qe2 Re8 10. Rd1 Qc7 11. h3 b5 12. Bb3 a5 13. a3 Ba6 14. Qc2 Rac8 15. Ne4 Nxe4 16. Qxe4 Nf6 17. Qc2 h6 18. Bd2 a4 19. Ba2 c5 20. dxc5 Qxc5 21. Qxc5 Bxc5 22. Bc3 Ne4 23. Ba5 Be7 24. Rac1 Bf6 25. Nd4 Rxc1 26. Rxc1 Bxd4 27. exd4 Rc8 28. Rxc8+ Bxc8 29. Bb1 Nf6 30. Bd3 Bd7 31. g3 Kf8 32. h4 Ke7 33. Bb4+ Ke8 34. Kf1 h5 35. Ke2 Kd8 36. Bf8 g6 37. Bc5 Kc7 38. f3 Bc6 39. Be7 Nd5 40. Bc5 f5 41. Kf2 Be8 42. Bc2 Kc6 43. Bf8 Kb6 44. Ke2 1/2-1/2

[Event "HUN-chT2 Breyer 0304"]
[Site "Hungary"]
[Date "2003.12.07"]
[Round "5"]
[White "Pataki, Zoltan"]
[Black "Lajos, Janos"]
[Result "1/2-1/2"]
[WhiteElo "1936"]
[BlackElo "2330"]
[PlyCount "65"]
[EventDate "2003.09.28"]
[EventType "team-tourn"]
[EventRounds "11"]
[EventCountry "HUN"]
[SourceTitle "EXT 2009"]
[Source "ChessBase"]
[SourceDate "2008.11.26"]
[SourceVersion "1"]
[SourceVersionDate "2008.11.26"]
[SourceQuality "1"]
[WhiteTeam "Komarom"]
[BlackTeam "Szentendre"]
[WhiteTeamCountry "HUN"]
[BlackTeamCountry "HUN"]

1. Nf3 Nf6 2. d4 e6 3. e3 c5 4. c3 Nc6 5. Bd3 d5 6. Nbd2 cxd4 7. exd4 Bd6 8. 0-0 0-0 9. Re1 Qc7 10. Nf1 e5 11. dxe5 Nxe5 12. Nxe5 Bxe5 13. h3 Be6 14. Bg5 h6 15. Bh4 Rad8 16. Qe2 Bd6 17. Bxf6 gxf6 18. Qe3 Kg7 19. Qf3 Rh8 20. Ne3 Be5 21. Nf5+ Bxf5 22. Bxf5 d4 23. cxd4 Rxd4 24. Rac1 Rc4 25. Rxc4 Qxc4 26. Qg4+ Qxg4 27. hxg4 Rd8 28. b3 Rd2 29. a4 Rb2 30. Rb1 Rd2 31. f3 Bg3 32. Kf1 Rf2+ 33. Kg1 1/2-1/2

[Event "HUN-chT2 Breyer 0304"]
[Site "Hungary"]
[Date "2003.09.28"]
[Round "1"]
[White "Bardoczy, Karoly"]
[Black "Lajos, Janos"]
[Result "1/2-1/2"]
[WhiteElo "2017"]
[BlackElo "2330"]
[PlyCount "46"]
[EventDate "2003.09.28"]
[EventType "team-tourn"]
[EventRounds "11"]
[EventCountry "HUN"]
[SourceTitle "EXT 2009"]
[Source "ChessBase"]
[SourceDate "2008.11.26"]
[SourceVersion "1"]
[SourceVersionDate "2008.11.26"]
[SourceQuality "1"]
[WhiteTeam "Vizugy II"]
[BlackTeam "Szentendre"]
[WhiteTeamCountry "HUN"]
[BlackTeamCountry "HUN"]

1. e4 d5 2. exd5 Qxd5 3. Nc3 Qa5 4. d4 c6 5. Bd3 Nf6 6. h3 Bf5 7. Bxf5 Qxf5 8. Qe2 e6 9. Nf3 Bb4 10. 0-0 Bxc3 11. bxc3 0-0 12. Ne5 Qe4 13. Be3 Nd5 14. c4 c5 15. Qd2 cxd4 16. Qxd4 Qxd4 17. Bxd4 Nf4 18. Rfe1 f6 19. Nf3 e5 20. Be3 Ne6 21. Red1 Re8 22. Rab1 b6 23. c5 bxc5 1/2-1/2

[Event "HUN-chT2 Breyer 0203"]
[Site "Hungary"]
[Date "2002.12.08"]
[Round "4"]
[White "Leidl, Istvan Jr"]
[Black "Lajos, Janos"]
[Result "1/2-1/2"]
[WhiteElo "2065"]
[BlackElo "2034"]
[PlyCount "98"]
[EventDate "2002.09.22"]
[EventType "team-tourn"]
[EventRounds "11"]
[EventCountry "HUN"]
[SourceTitle "EXT 2009"]
[Source "ChessBase"]
[SourceDate "2008.11.26"]
[SourceVersion "1"]
[SourceVersionDate "2008.11.26"]
[SourceQuality "1"]

1. d4 e6 2. c4 d5 3. Nc3 dxc4 4. e3 c5 5. Bxc4 Nf6 6. Nf3 a6 7. 0-0 b5 8. Be2 Bb7 9. a3 Nc6 10. dxc5 Bxc5 11. b4 Qxd1 12. Rxd1 Bb6 13. Bb2 Ke7 14. Rd2 h5 15. Rad1 Rhd8 16. h3 Rxd2 17. Rxd2 Rc8 18. Rd1 Nd7 19. Kf1 f6 20. Ke1 Nde5 21. Nd2 Nd8 22. Kf1 Ndf7 23. Rc1 Nd6 24. Nd1 Rxc1 25. Bxc1 Bd5 26. Nc3 Bc4 27. Nce4 Bd5 28. Nc3 Bc6 29. g3 Nf5 30. g4 Nh4 31. f4 Bg2+ 32. Kf2 Neg6 33. Kg3 Bxe3 34. a4 Bxf4+ 35. Kf2 Be5 36. Bb2 Bc6 37. axb5 axb5 38. Nf3 Nxf3 39. Bxf3 Bxf3 40. Kxf3 Bxc3 41. Bxc3 Kd6 42. Ke4 Ne7 43. Bd4 f5+ 44. gxf5 exf5+ 45. Kf3 g5 46. Bg7 h4 47. Bf6 g4+ 48. hxg4 fxg4+ 49. Kxg4 Ke6 1/2-1/2

[Event "HUN-chT2 Breyer 0203"]
[Site "Hungary"]
[Date "2002.09.22"]
[Round "1"]
[White "Lajos, Janos"]
[Black "Tichy Racs, Balint"]
[Result "0-1"]
[WhiteElo "2034"]
[BlackElo "1850"]
[PlyCount "66"]
[EventDate "2002.09.22"]
[EventType "team-tourn"]
[EventRounds "11"]
[EventCountry "HUN"]
[SourceTitle "EXT 2009"]
[Source "ChessBase"]
[SourceDate "2008.11.26"]
[SourceVersion "1"]
[SourceVersionDate "2008.11.26"]
[SourceQuality "1"]

1. e4 c5 2. Nf3 Nc6 3. d4 cxd4 4. Nxd4 Nf6 5. Nc3 a6 6. Be2 d6 7. Be3 g6 8. f4 Qa5 9. Bf3 Bd7 10. Nb3 Qc7 11. Nd5 Nxd5 12. exd5 Na5 13. Bd4 f6 14. h4 Bf5 15. Nxa5 Qxa5+ 16. Bc3 Qa4 17. g4 Bxc2 18. Qe2 Qxf4 19. Rf1 Ba4 20. Bg2 Qg3+ 21. Rf2 Bb5 22. Qe4 Bg7 23. a4 f5 24. Qf3 Bxc3+ 25. bxc3 Qxf3 26. Bxf3 Bd7 27. g5 Rc8 28. Kd2 Kf7 29. Kd3 b5 30. axb5 Bxb5+ 31. Kd2 Rc5 32. Ra3 Rhc8 33. Bg2 Bc4 0-1

[Event "HUN-chT 9394"]
[Site "Hungary"]
[Date "1994.??.??"]
[Round "?"]
[White "Gemesi, Andras"]
[Black "Lajos, Janos"]
[Result "1/2-1/2"]
[WhiteElo "2175"]
[BlackElo "2325"]
[PlyCount "24"]
[EventDate "1993.??.??"]
[EventType "team-tourn"]
[EventRounds "13"]
[EventCountry "HUN"]
[SourceTitle "TD"]
[Source "ChessBase"]
[SourceDate "1994.03.01"]
[SourceVersion "1"]
[SourceVersionDate "1994.03.01"]
[SourceQuality "1"]

1. e4 g6 2. d4 Bg7 3. Nc3 d6 4. Bg5 c5 5. dxc5 Qa5 6. Qd2 Qxc5 7. Nd5 Be6 8. Be3 Qc8 9. Bd4 f6 10. Bb5+ Kf8 11. Ne2 Nc6 12. Be3 Ne5 1/2-1/2

[Event "HUN-chT 9394"]
[Site "Hungary"]
[Date "1994.??.??"]
[Round "?"]
[White "Lajos, Janos"]
[Black "Horvath, Peter2"]
[Result "1-0"]
[WhiteElo "2325"]
[BlackElo "2290"]
[PlyCount "57"]
[EventDate "1993.??.??"]
[EventType "team-tourn"]
[EventRounds "13"]
[EventCountry "HUN"]
[SourceTitle "TD"]
[Source "ChessBase"]
[SourceDate "1994.03.01"]
[SourceVersion "1"]
[SourceVersionDate "1994.03.01"]
[SourceQuality "1"]

1. d4 d5 2. Nf3 Nf6 3. Bg5 Ne4 4. h4 c5 5. e3 Bg4 6. Nbd2 Qa5 7. c3 Nd7 8. Qb3 Nxd2 9. Nxd2 cxd4 10. exd4 Nb6 11. Bb5+ Bd7 12. Bxd7+ Nxd7 13. Qxb7 Rb8 14. Qc6 Rxb2 15. Qc8+ Qd8 16. Qc6 Qa5 17. 0-0 h6 18. Bf4 e6 19. Rab1 Qb6 20. Qc8+ Ke7 21. Rxb2 Qxb2 22. Rb1 Qxa2 23. Rb7 Qa4 24. Qc7 g5 25. Bd6+ Kf6 26. Be5+ Nxe5 27. dxe5+ Kf5 28. Qxf7+ Kxe5 29. Nf3+ 1-0

[Event "HUN-chT"]
[Site "Hungary"]
[Date "1992.??.??"]
[Round "12"]
[White "Lajos, Janos"]
[Black "Bernei, Andras"]
[Result "1/2-1/2"]
[WhiteElo "2360"]
[BlackElo "2335"]
[PlyCount "33"]
[EventDate "1992.??.??"]
[EventType "team-tourn"]
[EventRounds "14"]
[EventCountry "HUN"]
[SourceTitle "EXT 2000"]
[Source "ChessBase"]
[SourceDate "1999.11.16"]
[SourceVersion "1"]
[SourceVersionDate "1999.11.16"]
[SourceQuality "1"]

1. d4 d5 2. Nf3 Nf6 3. Bf4 c5 4. c3 cxd4 5. cxd4 Nc6 6. Nc3 e6 7. e3 Be7 8. Bd3 Bd7 9. Ne5 Nxe5 10. dxe5 Ne4 11. Bxe4 dxe4 12. 0-0 Bc6 13. Qb3 0-0 14. Rfd1 Qb6 15. Qc2 Rad8 16. h3 Rd3 17. Ne2 1/2-1/2